000 00714nam a2200229Ia 4500
003 OSt
005 20220926042633.0
006 a|||||r|||| 00| 0
007 ta
008 220923b |||||||| |||| 00| 0 eng d
037 _cGeneral Book
040 _aRTL
_cRTL
_beng
041 _2eng
_aeng
082 _aD2.212.N6t, K0
110 _aGovt of India Committee on plan Projects, Irrigation and power (Team)
_9346548
245 0 _aReport on minor irrigation works (Kerala State)
260 _c1960
650 _aEngineering
_92968
700 _aGovt of India Committee on plan Projects, Irrigation and power (Team)
_9346549
942 _hD2.212.N6t, K0
_cGB
_2CC
999 _c670234
_d670234